Oxford illustrated encyclopedia : the arts

Bibliographic Details
Other Authors: Norwich, John Julius
Format: Book
Published: Oxford : Oxford University Press , 1995
Subjects:

MARC

LEADER 00000cam a2200000 7i4500
001 0000033766
002 000036470
005 20000331.0
020 |a 0198691378 
090 0 0 |a 032   |b OXF 
245 0 0 |a Oxford illustrated encyclopedia :   |b the arts   |c volume John Julius Norwich 
255 |a Vol.5 
260 |a Oxford :   |b Oxford University Press ,   |c 1995 
300 |a 499p. :   |b ill. ;   |c 29cm. 
650 0 0 |a Encyclopedias and dictionaries 
700 1 |a Norwich, John Julius 
999 |a 056569   |b ENSIKLOPEDIA DEWASA   |c RUJUKAN   |e PERPUSTAKAAN KOMUNITI PETALING JAYA 
999 |a 056673   |b ENSIKLOPEDIA DEWASA   |c RUJUKAN   |e PERPUSTAKAAN KOMUNITI PETALING JAYA